Flagi państw świata w 1942 roku - Statystyki

Ogólne statystyki
  • Ten quiz został rozwiązany 66 razy
  • Średni wynik to 47 z 59
Statystyki odpowiedzi
Obrazkowy Odpowiedź % Poprawnych
Arabia Saudyjska
94%
Argentyna
94%
Australia
94%
Brazylia
94%
Afganistan
93%
Carstwo Bułgarii
93%
Cesarstwo Japońskie
91%
Turcja
91%
Włochy
91%
Chile
89%
Finlandia
89%
Królestwo Węgierskie
89%
Meksyk
89%
Państwo Hiszpańskie
89%
Portugalia
89%
Stany Zjednoczone
89%
Szwajcaria
89%
Szwecja
89%
Watykan
89%
Wielka Brytania
89%
Związek Radziecki
89%
Andora
87%
Boliwia
87%
Irlandia
87%
Kolumbia
87%
Królestwo Nepalu
87%
Królestwo Rumunii
87%
Kuba
87%
Liechtenstein
87%
Monako
87%
Panama
87%
Peru
87%
San Marino
87%
Ekwador
85%
Nowa Zelandia
85%
Rzesza Niemiecka
85%
Urugwaj
85%
Wenezuela
83%
Haiti
81%
Chiny
80%
Honduras
80%
Paragwaj
80%
Liberia
78%
Gwatemala
76%
Nikaragua
76%
Salwador
76%
Kostaryka
72%
Kanada
70%
Związek Południowej Afryki
70%
Tybet
69%
Królestwo Egiptu
61%
Francja Vichy
57%
Cesarstwo Etiopii
56%
Syjam
54%
Królestwo Iraku
52%
Królestwo Jemenu
52%
Mongolska Republika Ludowa
48%
Persja
44%
Oman-Maskat
43%
Nie znaleziono quizów pasujących do podanych kryteriów
Rozkład punktacji
Procent ludzi z każdym wynikiem
Percentyl według liczby udzielonych odpowiedzi
Twoja historia wyników
Nie rozwiązałeś tego quizu